<?xml version="1.0" encoding="UTF-8"?>
<marc:record xmlns:marc="http://www.loc.gov/MARC21/slim">
   <marc:leader>00000nam a2200000 a 4500</marc:leader>
   <marc:datafield ind1="0" ind2="0" tag="245">
      <marc:subfield code="a">Emmi Bonhoeffer</marc:subfield>
   </marc:datafield>
   <marc:datafield ind1="0" ind2="0" tag="245">
      <marc:subfield code="b">Essay, Gespräch, Erinnerung</marc:subfield>
   </marc:datafield>
   <marc:datafield ind1=" " ind2="1" tag="264">
      <marc:subfield code="a">Berlin</marc:subfield>
      <marc:subfield code="b">Lukas Verl.</marc:subfield>
      <marc:subfield code="c">2005</marc:subfield>
   </marc:datafield>
   <marc:datafield ind1=" " ind2=" " tag="250">
      <marc:subfield code="a">2</marc:subfield>
   </marc:datafield>
   <marc:datafield ind1="1" ind2=" " tag="520">
      <marc:subfield code="a">Emmi Bonhoeffer (1905 - 1991) trug ihr Schicksal mit Tapferkeit und Selbstdisziplin. Pragmatisch und einfühlsam half sie jenen, die seelische und materielle Not litten. So war es nur folgerichtig, daß sie ihre Erlebnisse bei der Betreuung von Zeugen im Auschwitz-Prozeß in der Form sehr persönlicher Briefe an ihre in den USA lebende jüdische Freundin niederschrieb.</marc:subfield>
   </marc:datafield>
   <marc:datafield ind1=" " ind2=" " tag="020">
      <marc:subfield code="a">3936872317</marc:subfield>
      <marc:subfield code="9">3936872317</marc:subfield>
   </marc:datafield>
   <marc:datafield ind1=" " ind2=" " tag="300">
      <marc:subfield code="a">147 S. :Fotos</marc:subfield>
   </marc:datafield>
</marc:record>
